MARC

LEADER 00000nam0a2200000 4500
001 1255
005 20231101204156.0
010 |a 5732800158 
035 |a (RuTPU)RU\TPU\book\1262 
035 |a BOOK00001264 
090 |a 1255 
100 |a 20011209d1995 km y0rusy50 ca 
101 0 |a rus 
102 |a RU 
105 |a y e 000zd 
200 1 |a Сто русских философов  |e биографический словарь  |f Российская академия наук; сост. А. Д. Сухов 
210 |a Москва  |c Мирта  |d 1995 
215 |a 320 с. 
600 1 |a Карсавин  |g Лев Платонович  |c российский религиозный философ  |c историк-медиевист  |f 1882-1952  |b Л. П.  |2 stltpui  |3 (RuTPU)RU\TPU\pers\1221 
600 1 |a Лосев  |g Алексей Федорович  |f 1893-1988  |c русский религиозный философ  |b А. Ф.  |2 stltpui  |3 (RuTPU)RU\TPU\pers\698 
600 1 |a Соловьев  |b В. С.  |c русский религиозный философ, поэт, публицист, мистик  |f 1853-1900  |g Владимир Сергеевич  |2 stltpui  |3 (RuTPU)RU\TPU\pers\402 
606 1 |a Русская философия  |x История  |2 stltpush  |3 (RuTPU)RU\TPU\subj\26377  |9 50319 
610 1 |a философия 
610 1 |a русская философия 
610 1 |a биографические словари 
686 |a Ю3(2)я2  |v LBC/SL-A  |2 rubbk 
702 1 |a Сухов  |b А. Д.  |4 220 
712 0 2 |a Российская академия наук  |2 stltpush  |3 (RuTPU)RU\TPU\col\51 
801 0 |a RU  |b 63413507  |c 20011209  |g PSBO 
801 2 |a RU  |b 63413507  |c 20150616  |g PSBO 
942 |c BK